| 000 | 00350 a2200157 4500 | ||
|---|---|---|---|
| 001 | 192986 | ||
| 020 | _a978-85-96-00408-4 | ||
| 040 | _cMagnum | ||
| 100 | _aCarrascoza, João Anzanello | ||
| 240 | 1 | 0 |
_aParque encantado _lpor |
| 245 | 1 | 0 | _aParque encantado |
| 300 | _a59 | ||
| 362 | 0 | _a2016 | |
| 697 | _aLITERATURA INFANTO-JUVENIL | ||
| 942 | _cBK | ||
| 999 |
_c192986 _d192986 |
||